[Event "Olympiad-35"]
[Site "Bled"]
[Date "2002.11.02"]
[Round "8.4"]
[White "Arizmendi Martinez, Julen Luis"]
[Black "McShane, Luke J"]
[Result "1/2-1/2"]
[WhiteElo "2510"]
[BlackElo "2546"]
[Annotator "Arizmendi,J"]
[PlyCount "43"]
[EventDate "2002.10.26"]
[EventType "team-swiss"]
[EventRounds "14"]
[EventCountry "SLO"]
[SourceTitle "CBM 092"]
[Source "ChessBase"]
[SourceDate "2003.02.06"]
[SourceVersion "1"]
[SourceVersionDate "2003.02.06"]
[SourceQuality "1"]
[WhiteTeam "Spain"]
[BlackTeam "England"]
[WhiteTeamCountry "ESP"]
[BlackTeamCountry "ENG"]

1. e4 c5 2. Nf3 Nc6 3. Nc3 {This is especially designed to avoid McShane´s
Sveshnikov Variation, which he knows quite well.} d6 4. d4 cxd4 5. Nxd4 e5 {
An interesting way to take advantage of white´s rigid play in the opening.
During my prep for the game, I noticed McShane had used 5...e5 a number of
times. I had looked at a few games, but I only made my mind up after
considerable thought.} 6. Nxc6 {Every logical knight retreat is possible, but
the only critical move must be} (6. Nf5 $5 {In this way white will get a grip
on the light squares by forcing black to part away with the c8 bishop. Of
course, matters are never so easy, and black gets a nice mobile center.
Moreover, many times the f5 pawn is lost as well.} Bxf5 7. exf5 Qd7 8. g4 h5 9.
Be3 hxg4 10. Qxg4 Nf6 (10... d5 $5 {Is what I was looking at during the game.
The position is very complicated.} 11. O-O-O d4 $13) 11. Qa4 d5 12. O-O-O d4
13. f4 O-O-O 14. fxe5 Ng4 15. Bxd4 Nxd4 16. Bb5 Qxf5 17. Rxd4 Rxd4 18. Qxd4
Nxe5 19. Rd1 $2 (19. Qxa7 $16) 19... Kb8 20. Nd5 Be7 21. Kb1 Qe6 22. Qc3 $2 Bd6
23. a4 Rxh2 24. a5 Qh3 $17 {1/2-1/2 Fedorov,A-Sherbakov,V/Omsk 1996/CBM 57 (24)
}) 6... bxc6 7. Bc4 Nf6 8. Bg5 Be7 9. Qd3 {This is how Ponomariov played. The
white queen does a nice job here, controlling many key squares.} h6 $1 (9...
O-O $6 10. O-O-O {Is how the Ponomariov game continued. The threat to capture
on f6 is very annoying.} Be6 11. Bxf6 gxf6 12. f4 Kh8 13. Rhf1 Rb8 14. f5 Bxc4
15. Qxc4 Qb6 16. b3 {with an indisputable advantage for white.} a5 17. Rf3 Rbc8
18. Na4 Qb4 19. Qxb4 axb4 20. Nb6 Rc7 21. c3 Rg8 22. Rg3 Rxg3 23. hxg3 bxc3 24.
Rd3 Rb7 25. Nc8 Bf8 26. Rxc3 d5 27. Rxc6 dxe4 28. Nb6 Kg7 29. Nd5 Kh6 30. Nxf6
Ba3+ 31. Kd2 Kg5 32. Nxe4+ Kxf5 33. Rc4 Be7 34. g4+ Ke6 35. Kc2 Rb8 36. a4 Bb4
37. Kd3 Rd8+ 38. Ke3 Rb8 39. Kd3 Rd8+ 40. Kc2 Rb8 41. Nc5+ Bxc5 42. Rxc5 Rg8
43. Rc4 h5 44. gxh5 Rxg2+ 45. Kc3 Rh2 46. a5 Rxh5 47. a6 Rh8 48. b4 Ra8 49. b5
f5 50. b6 Rxa6 51. b7 {1-0 Ponomariov,R-Moiseenko,A/Kramatorsk 2001}) 10. Bh4
Rb8 11. O-O-O (11. Bb3 Qb6 12. Bxf6 (12. O-O-O g5 {game}) 12... Ba6 $1 13. Qd2
Bxf6 14. Qxd6 Rd8 15. Qa3 Be7 $17 {Does not achieve its aim, which would be to
force black to take back on f6 with a pawn.}) 11... g5 {Black opts for
stopping Bxf6 in a drastic way. Now he will have to work quickly in order to
compensate for his weak kingside pawn structure.} 12. Bg3 Qb6 13. Bb3 Ba6 14.
Qd2 {White has more or less been forced up to here. With the following move
black goes for the bishop pair, before white gets his g3 bishop back into the
game through f3 - Bf2.} Nh5 15. f3 Nxg3 16. hxg3 {After the game, both my
opponent and I believed white was better here, but black´s defensive resources
should not be underestimated.} Kf8 $1 {The kings looks for shelter on g7.} 17.
Rh5 {This move does nothing to fight for the initiative. White has one of two
plans: get a knight to f5, but not allow a queen exchange, so as to be able to
attack the weak black king; attack straight away along the f file.
Unfortunately, things are not that easy.} (17. Kb1 {Would be the most logical
follow up, opening up lines against the black king.} Kg7 18. f4 f6 $1 {Black
is not willing to go down without putting up a fight. Now 19.fxe5 will be
answered by 19...fxe5, when the position is very solid, but there is no other
way. Nonetheless, there is a nuance which makes it possible to keep on
pressing.} 19. Na4 $1 {White needs to have access to the f2 square for his
queen. During the game I had not noticed how strong this move was.} Qb7 20. Qf2
Bb5 $1 {Black tries to defend against fxe5, but keeping active play of his own.
} 21. fxe5 $1 {White carries out his plan anyway.} (21. Nc3 Bc4 $1 22. Qf3 Bxb3
23. cxb3 Qc8 $13 {does not get white anywhere.}) 21... Bxa4 (21... dxe5 22. Qf5
$16) 22. exf6+ Bxf6 23. Rxd6 Rbf8 $8 {only move.} (23... Qe7 24. Rxf6 Bxb3 (
24... Qxf6 25. Qxa7+ $16) 25. Rf1 Be6 26. Qd4 $18 {is killing for white.}) 24.
Qf5 Bxb3 25. Rd7+ (25. axb3 Qb5 $17) (25. e5 Qe7 (25... Bxa2+ 26. Kxa2 Qf7+ 27.
e6 Qe8 {maybe black can hold, but it is scary.}) 26. exf6+ Rxf6 27. Rxf6 (27.
Rd7 Rxf5 28. Rxe7+ Bf7 $19) 27... Qxf6 28. Qxf6+ Kxf6 29. cxb3 Kf5 {with good
counterplay.}) 25... Qxd7 26. Qxd7+ Bf7 27. Rf1 (27. Qxc6 $6 Rb8 28. b3 Rhe8 {
black takes all his pieces out.}) 27... c5 {For the time being, black´s army
is very discoordinated, but that might change if white does not take
advantagee quickly. I would say the position remains complicated.} (27... Re8
28. Qf5 $18) 28. Qd6 (28. c3 Re8 $1 29. Qf5 Re6 30. e5 $2 Bg6 $19) 28... Bc4) (
17. f4 {straight away would be great, were it not for the unfortunate position
of the white king on c1.} gxf4 18. gxf4 exf4 {and Qxf4 is not possible because
of the Bg5 pin. On top of that, Qe3 is threatened.} 19. Rh3 Bc8 $1 20. Rf3 Bg4
21. Rxf4 Bxd1 22. Rxf7+ Ke8 23. Qxd1 Qe3+ 24. Kb1 Rxb3 $17) 17... Kg7 18. Rdh1
(18. Ne2 {, planning 19.g4 and 20.Ng3 is well met by Qf2.} Qf2) 18... Qd4 $1 {
Black´s problems are over. Once the queens are off, the weakness of black´s
king is no longer a factor.} 19. Nd1 Qxd2+ 20. Kxd2 Bd8 21. Ne3 Bc8 22. g4 {
The ending, because of the of the opposite colored bishops, is dead equal.}
1/2-1/2

[Event "Cappelle op 16th"]
[Site "Cappelle la Grande"]
[Date "2000.02.26"]
[Round "9"]
[White "Szelag, Marcin"]
[Black "Atalik, Suat"]
[Result "0-1"]
[WhiteElo "2392"]
[BlackElo "2575"]
[Annotator "Atalik,S"]
[PlyCount "48"]
[EventDate "2000.02.19"]
[EventType "swiss"]
[EventRounds "9"]
[EventCountry "FRA"]
[SourceTitle "CBM 074 Extra"]
[Source "ChessBase"]
[SourceDate "2000.03.10"]
[SourceVersion "2"]
[SourceVersionDate "2000.03.10"]
[SourceQuality "1"]

1. e4 c5 2. Nf3 e6 3. d4 cxd4 4. Nxd4 Nc6 5. Nc3 d6 {I have chosen this
opening against Marcin because he was only heading for Be2 systems.} 6. g4 $5 {
After along thought.} a6 7. g5 $6 {Well this is not the main idea.} (7. Be3
$142 Nge7 $5) 7... h6 8. gxh6 Nxh6 (8... g6 9. h4 Bxh6 10. Bxh6 Rxh6 11. Nxc6
bxc6 12. Qd2 d5 13. O-O-O Rxh4 14. Rxh4 Qxh4 15. exd5 cxd5 16. Nxd5 exd5 17.
Qxd5 Ra7 18. Qc6+ Bd7 19. Qd6 Ne7 20. Bxa6 $44) 9. Rg1 (9. h4 Be7 10. Bg5 Ng8 (
10... f6 11. Be3 Nf7 12. h5 g5 $13) 11. Rg1 Bxg5 12. hxg5 Nge7 $13) (9. Be3
Nxd4 10. Bxd4 e5 11. Be3 Ng4 12. Qd2 Nxe3 13. Qxe3 Be6 $13) 9... Bd7 10. Be3 $6
(10. Bg5 f6 11. Be3 Nf7 12. Rg2 g5) 10... Ng8 11. h3 $6 ({Of course h3 is not
the most exact way to meet blacks idea.} 11. Rg2 $142) 11... Nf6 12. Nb3 $6 (
12. Qe2 Nxd4 13. Bxd4 e5 14. Be3 Rc8 (14... Bxh3 $6 15. Bxh3 Rxh3 16. Bg5 $132)
) (12. Qd2 b5) 12... b5 13. a3 Rc8 14. f4 e5 15. Qd2 Na5 $6 (15... exf4 16.
Bxf4 Ne5 17. Nd4 (17. Qe3 $2 Nc4 18. Bxc4 bxc4 19. Nd2 Rxh3 20. Qd4 Be6 $19) (
17. Rg3 $2 Rxc3 $1) 17... Qb6 18. O-O-O b4 19. axb4 Qxb4 $40) 16. Nxa5 Qxa5 17.
Bg2 $6 (17. O-O-O b4 18. Na2 $8 (18. Nd5 $2 Nxd5 19. exd5 Qa4) 18... Qa4 (18...
Nxe4 $2 19. Qxb4 Qxb4 20. Nxb4 $14) 19. Nxb4 Nxe4 20. Qd3 a5 (20... Nc3 $2 21.
bxc3 Qxa3+ 22. Kd2 Bb5 23. Ra1 Qb2 24. Rb1 Qxb1 25. Qxb5+ axb5 26. Bxb5+ Ke7
27. Rxb1 $18) 21. Nd5 Nc5 22. Bxc5 Rxc5 23. fxe5 Rh5 24. Nb6 Qf4+ 25. Qd2 Qxd2+
26. Rxd2 Rhxe5 27. Nxd7 Kxd7 $11) 17... Rh5 $5 {Very similar to A.
Ivanov-Atalik, Chicago(US Masters) 1997.} 18. O-O-O (18. f5 Rc4 $5) 18... exf4
$2 (18... Bxh3 $2 19. Bf3 exf4 (19... Rh7 20. f5) 20. Bxh5 fxe3 21. Qxe3 Rxc3
22. bxc3 Qxa3+ 23. Kd2 Be6 24. Bf3 $18) (18... b4 $1 19. axb4 (19. Na2 exf4 20.
Bxf4 bxa3) (19. Nd5 Nxd5 20. Qxd5 (20. exd5 $2 Bf5 $19) 20... Qa4 21. b3 Qxa3+
22. Kb1 Be6 23. Bc1 $3 Bxd5 24. Rxd5 g6 $17) 19... Qxb4 $40 (19... Qa1+ 20. Nb1
Ba4 21. c3 Bxd1 22. Rxd1 a5 23. bxa5 Qxa5 $44)) 19. Bxf4 $6 {This move came
very fast.} (19. Bd4 {should be seriously considered.} Bxh3 $5 (19... f3 $2 20.
Bxf3 Rxh3 21. Bxf6 Rxf3 22. Bxg7) (19... Be7 20. Bxf6 (20. Qxf4 Be6 21. Qg3 g6
$13) 20... Bxf6 21. Qxd6 Be6 22. Nd5 Bxd5 23. exd5 Re5 $5 $40 (23... Bxb2+ 24.
Kxb2 Qc3+ $11)) 20. Bxh3 (20. Bxf6 gxf6 21. Bxh3 Rxh3 22. Nd5 Qxd2+ 23. Rxd2
Bh6 $17) 20... Rxh3 21. Bxf6 gxf6 22. Rg8 Rc6 $15 (22... Rhxc3 $4 23. Qxd6 $18)
) 19... Rhc5 20. Kb1 (20. Bxd6 b4 $1 (20... Bxd6 21. Qxd6 Rxc3 (21... b4 22.
Nd5 (22. axb4 Qxb4 23. Qd4 (23. Rd4 Qa5 $40) 23... Qa5 $40)) 22. bxc3 Qxc3 23.
Qd3 $8 Qa1+ 24. Kd2 Qe5 $44) 21. axb4 (21. Bxf8 bxa3 $3 22. Kb1 (22. b3 Rxc3
$19) (22. b4 Qxb4 23. Qd6 Qb2+ 24. Kd2 Qxc3+ 25. Ke2 Bb5+ $19) (22. Bxc5 axb2+
23. Kxb2 Rb8+ $19) 22... axb2 23. Na2 Kxf8 24. Qxa5 Rxa5 $19) 21... Qa1+ 22.
Nb1 Rxc2+ 23. Qxc2 Rxc2+ 24. Kxc2 Ba4+ 25. Kc1 Bxd1 26. Rxd1 Bxd6 27. Rxd6 Qa4
$19) 20... Rxc3 21. bxc3 Qxa3 22. e5 $2 $138 (22. Bxd6 b4 $1 (22... Bxd6 23.
Qxd6 Qxc3 24. Qd3 (24. Qd2 Qa3 25. Qd3 Qb4+ 26. Qb3 Qa5) 24... Qb4+ 25. Qb3 Qa5
26. e5 Be6 27. Qb2 Nd7 28. Bd5 Nc5 29. Bxe6 Nxe6 30. Rg3 $14) 23. Bxf8 (23.
Bxb4 $2 Bxb4 24. cxb4 Rc4 $19) (23. cxb4 Be6 (23... Bxd6 $2 24. Qxd6 Rc4 25.
Rd4 $18) (23... Rc4 $2 24. Bxf8 Kxf8 25. Qd6+ Kg8 26. Rd4 $16) 24. c4 Rd8 (
24... Rxc4 25. Qb2 Qxb2+ 26. Kxb2 Nxe4 (26... Bxd6 27. Rxd6 Rxb4+ $44) 27. Bxe4
Rxe4 $11) 25. Qd3 Qxd3+ 26. Rxd3 Rxd6 $15) 23... Be6 24. c4 Kxf8 (24... Bxc4 $2
25. Qxb4 Qa2+ 26. Kc1 $19) 25. Qd3 Rxc4 26. Qxa3 bxa3 $36) 22... Be6 $19 23. c4
bxc4 24. Bb7 c3 0-1

[Event "Pula op 19th"]
[Site "Pula"]
[Date "2005.06.23"]
[Round "6"]
[White "Predojevic, Borki"]
[Black "Atalik, Suat"]
[Result "1/2-1/2"]
[WhiteElo "2549"]
[BlackElo "2561"]
[Annotator "Atalik,S"]
[PlyCount "19"]
[EventDate "2005.06.19"]
[EventType "swiss"]
[EventRounds "9"]
[EventCountry "CRO"]
[SourceTitle "CBM 106 Extra"]
[Source "ChessBase"]
[SourceDate "2005.07.01"]
[SourceVersion "1"]
[SourceVersionDate "2005.07.01"]
[SourceQuality "1"]

1. e4 c5 {I did not touch to Sicilians for a long time but I was ready to
fight.} 2. Nf3 e6 3. Nc3 Nc6 4. d4 cxd4 5. Nxd4 d6 6. g4 $5 {That has taken me
surprised.} ({My preparation was based on the following lines.} 6. Be3 Nf6 7.
f3) 6... a6 7. Be3 ({My only experience with the was} 7. g5 $6 h6 8. gxh6 Nxh6
9. Rg1 Bd7 10. Be3 $6 Ng8 $1 $17 {Szelag-Atalik,Cappelle La Grande 2000.}) 7...
Nge7 8. Nb3 {After this I have started to calculate.} b5 (8... Na5 $6 9. Na4 $1
$16) (8... Bd7 $5 {is every interesting because maybe I need this bishop on d7
rather than b7.} 9. Qd2 (9. f4 Na5 10. Qd2 b5 $1 (10... Nec6 $6 11. Nxa5 Qxa5
12. Qf2 $16) 11. Nxa5 Qxa5 12. Bg2 Nc6 13. Qf2 Rb8) 9... Na5 10. O-O-O Nec6) (
8... d5 $6 9. Bg2 dxe4 10. Bxe4 (10. Qxd8+ Nxd8 11. Bxe4 Bd7 12. Na5 (12. O-O-O
Bc6 13. Rhe1 Bxe4 14. Nxe4 Nd5 15. Bc5 $14) 12... Nec6 (12... Rc8 13. Nxb7 Nxb7
14. Bxb7 Rb8 15. Bxa6 Rxb2 $16) 13. Nc4 b5 14. Nb6 $16)) 9. f4 Bb7 10. Qd2 {
After this the rabbit-hearted kid offered a draw. I have thought for sometime
say like 10 minutes and started to weight the consequences. With a draw I
would play Savic with white next round and if I would win it means that I also
win the tournament I have said to myself which has eventually became true. But
what happens if I lose? In that case not only I would destroy my tournament
situation but next day my name would go to Bosnian newspapers next day with
titles praising this kid. No I am not that brave!} (10. Qd2 g5 {was my
intention.} (10... Nc8 $2 11. Qf2) 11. O-O-O $1 (11. fxg5 $2 Ne5 12. Be2 b4 13.
Na4 Bxe4 14. O-O Nd5 $17) (11. f5 $2 Ne5 12. O-O-O b4 13. Na4 Bxe4 $17) 11...
gxf4 12. Bxf4 Ng6 (12... Ne5 $2 13. Na5 $1 $16 (13. Bxe5 dxe5 14. Qf2 Qc8 $8))
13. Bxd6 Qxd6 14. Qxd6 Bxd6 15. Rxd6 Ke7 16. Rd2 Rag8 $1 17. Nc5 Bc8 $44) (10.
Qf3 $6 g5 $1 11. fxg5 Ne5 $44 {is known since Shirov-Polgar,Buenos Aires})
1/2-1/2

[Event "USA-ch"]
[Site "San Diego"]
[Date "2004.12.04"]
[Round "9"]
[White "Shabalov, Alexander"]
[Black "Krush, Irina"]
[Result "1-0"]
[WhiteElo "2608"]
[BlackElo "2464"]
[Annotator "Atlas,V"]
[PlyCount "81"]
[EventDate "2004.11.24"]
[EventType "swiss"]
[EventRounds "9"]
[EventCountry "USA"]
[SourceTitle "CBM 105"]
[Source "ChessBase"]
[SourceDate "2005.04.11"]
[SourceVersion "1"]
[SourceVersionDate "2005.04.11"]
[SourceQuality "1"]

1. e4 c5 2. Nf3 e6 3. d4 cxd4 4. Nxd4 Nc6 5. Nc3 d6 6. g4 a6 7. Be3 Nge7 8. Nb3
b5 9. Qd2 Ne5 10. Be2 N7c6 11. O-O-O Be7 12. f4 Nc4 13. Bxc4 bxc4 14. Nd4 Qc7
15. Kb1 O-O 16. g5 Bd7 17. Ka1 Rfb8 18. h4 Qb7 19. Rb1 Na7 20. g6 Nb5 21. gxf7+
Kxf7 22. f5 e5 23. Nde2 Bc6 24. Rhg1 Bxe4 25. Bg5 Bf8 26. f6 g6 27. Bh6 Nxc3
28. bxc3 Qd5 29. Qe3 Rxb1+ 30. Kxb1 Rb8+ 31. Kc1 Qb7 32. Bxf8 Qb2+ 33. Kd2
Qxc2+ 34. Ke1 Rxf8 35. Qh6 Bf3 36. Qg7+ Ke6 37. Qe7+ Kf5 $4 ({A terrible
mistake severely punished by Shabalov. Essential was Ein schrecklicher Fehler,
der von Shabalov drastisch bestraft wird. Erforderlich war} 37... Kd5 38. Qb7+
Ke6 39. Qe7+ $11 ({after nach} 39. Qxf3 Rxf6 40. Qb7 Qxa2 {Black has more than
sufficient compensation for the knight. hat Schwarz mehr als ausreichende
Kompensation für den Springer.})) {[%tqu "En","How can White finish his
attack?","Open the e-file.","Sacrifice your knight!","e2d4","This beautiful
move wins on the spot.",6,"g1g5","",0,"De","Wie kann Weiß seinen Angriff
abschließen?","Öffnen Sie die e-Linie.","Opfern Sie Ihren Springer!","e2d4",
"Dieser wunderschöne Zug gewinnt auf der Stelle.",6,"g1g5","",0]} 38. Nd4+ $3 {
[%csl Rc2,Gd4,Ge7,Rf5,Gg1]} ({This amazing knight sacrifice decides the
outcome of this dramatic game in White's favor. Krush was probably expecting
Dieses verblüffende Springeropfer entscheidet den Ausgang dieser dramatischen
Partie zugunsten von Weiß. Krush erwartete vermutlich} 38. Rg5+ Ke4 39. Qb7+
Ke3 40. Qb6+ Ke4 41. Qb7+ Ke3 (41... d5 $4 {is refuted by wird widerlegt durch}
42. Rxe5+ Kxe5 43. Qe7+ Kf5 44. Nd4+) 42. Qb6+ {, with a draw by perpetual.
mit Remis durch Dauerschach.}) 38... exd4 ({Leads to a spectacular mate final,
but if Führt zu einem spektakulären Mattfinale, aber} 38... Ke4 39. Nxc2 {
, losing the queen. verlöre die Dame.}) 39. Rg5+ Kf4 40. Qxd6+ Ke3 41. Qxd4#
1-0

[Event "Amsterdam Euwe Memorial"]
[Site "Amsterdam"]
[Date "1994.05.19"]
[Round "6"]
[White "Short, Nigel D"]
[Black "Kasparov, Garry"]
[Result "1/2-1/2"]
[WhiteElo "2655"]
[BlackElo "2805"]
[Annotator "Boensch,U"]
[PlyCount "50"]
[EventDate "1994.05.12"]
[EventType "tourn"]
[EventRounds "6"]
[EventCountry "NED"]
[EventCategory "18"]
[SourceTitle "CBM 041"]
[Source "ChessBase"]
[SourceDate "1994.08.01"]
[SourceVersion "1"]
[SourceVersionDate "1994.08.01"]
[SourceQuality "1"]

1. e4 {Ftacnik} c5 2. Nc3 e6 3. Nf3 a6 4. d4 cxd4 5. Nxd4 d6 6. g4 (6. f4 $5)
6... b5 7. a3 (7. Bg2 Bb7 8. O-O Ne7 9. f4 Nbc6 10. Be3 Nxd4 11. Qxd4 Nc6 12.
Qb6 (12. Qd2 $5) 12... Qxb6 13. Bxb6 $14 {Sisniega,M-Vera,R Linares NL 1/4 30
1992}) 7... h6 $5 (7... Bb7 8. Bg2 Ne7 9. Be3 Nbc6 $13) 8. Bg2 Bb7 9. O-O (9.
Be3 Nd7 10. Qe2 Rc8 $132) 9... Nd7 10. f4 Rc8 11. Be3 (11. a4 $2 b4 12. Na2
Ngf6 $15) (11. Qf3 $5 {Ftacnik /\ Qh3}) 11... g5 $5 (11... Ngf6 12. g5 Rxc3 13.
bxc3 Nxe4 $44) 12. Qe2 $6 (12. Qf3 gxf4 13. Qxf4 Ngf6 $13) (12. fxg5 hxg5 13.
Qd2 Be7 $13) (12. f5 {Ftacnik} e5 13. Nde2 Ngf6 $13) 12... gxf4 13. Rxf4 e5 14.
Rf5 exd4 15. Bxd4 Ne5 16. Nd5 (16. Bxe5 dxe5 17. Rxe5+ Ne7 18. Nd5 (18. Rd1 {
Ftacnik} Qc7 $17) 18... Bxd5 19. exd5 Bg7 $17) 16... Bg7 17. Raf1 Rh7 (17...
Nf3+ 18. Qxf3 Bxd4+ 19. Kh1 f6 $17) 18. Kh1 Bh8 (18... Ne7 {Ftacnik} 19. Nf6+
Bxf6 20. Rxf6 $15) 19. c3 Ne7 20. Bxe5 (20. Nf6+ {Ftacnik} Bxf6 21. Rxf6 $15)
20... dxe5 (20... Bxe5 $2 21. Rxe5 Bxd5 22. Rxd5 Nxd5 23. exd5+ Qe7 24. Qf2 $14
) 21. Qf3 (21. Nf6+ {Ftacnik} Bxf6 22. Rxf6 Rc6 $17) 21... Nxf5 $2 (21... Bxd5
22. exd5 Nxf5 23. Qxf5 Rg7 {Ftacnik} 24. d6 Qd7 25. Qxe5+ Kf8 26. Bd5 Re8 $1
$19) 22. Qxf5 Rg7 23. Nf6+ Kf8 24. Nd7+ Kg8 $2 (24... Ke7 25. Qxe5+ (25. Qf6+
Ke8 $19) (25. Nxe5 Qd6 (25... Qb6 $17) 26. Nxf7 Qe6 $19) (25. Rd1 Rg5 $19)
25... Kxd7 26. Rd1+ Kc6 27. Rxd8 Rxd8 {Ftacnik} 28. Qf6+ Kc7 29. Qe7+ Kc8 30.
Bf3 Rg6 $17) 25. Nf6+ Kf8 1/2-1/2

[Event "Buenos Aires Sicilian"]
[Site "Buenos Aires"]
[Date "1994.10.22"]
[Round "8"]
[White "Shirov, Alexei"]
[Black "Polgar, Judit"]
[Result "0-1"]
[WhiteElo "2740"]
[BlackElo "2630"]
[Annotator "Boensch,U"]
[PlyCount "58"]
[EventDate "1994.10.12"]
[EventType "tourn"]
[EventRounds "14"]
[EventCountry "ARG"]
[EventCategory "18"]
[SourceTitle "CBM 044"]
[Source "ChessBase"]
[SourceDate "1995.02.01"]
[SourceVersion "1"]
[SourceVersionDate "1995.02.01"]
[SourceQuality "1"]

1. e4 {Ftacnik} c5 2. Nf3 e6 3. d4 cxd4 4. Nxd4 Nc6 5. Nc3 d6 6. g4 a6 (6... h6
7. h4 a6 8. Bg2 Be7 9. Be3 Nxd4 10. Qxd4 e5 11. Qd1 Be6 12. Nd5 Rc8 13. c3 Nf6
14. Nxe7 Qxe7 $13 {Karpov,A-Kasparov,G (14)/ Wch-KK2 Moscow/ 1985/ 1/2-1/2/ 32}
) (6... Be7 7. Be3 a6 8. Qe2 Nxd4 9. Bxd4 e5 10. Be3 Nf6 11. Rg1 Be6 12. g5 Nd7
13. O-O-O Qa5 $10 {Luther,T-Stoica,V/Eforie-Nord/1989/1/2-1/2/ 59}) 7. Be3 Nge7
8. Nb3 (8. Qe2 Nxd4 9. Bxd4 Nc6 10. Be3 b5 (10... Be7 11. O-O-O b5 12. f4 Qa5
13. Qf2 Rb8 14. Kb1 O-O 15. g5 Bd7 16. h4 Rfc8 17. h5 Nb4 18. Bd2 Qb6 {1/2
Luther,T-Vogt,L Altensteig (01) 1992}) 11. Bg2 Bb7 12. h4 $13 {Todorovic,
G-Cebalo,M/JUG/1988/1:0 (58)}) 8... b5 (8... Ng6 9. Qe2 Be7 10. O-O-O b5 11. f4
h6 12. Qf2 Bd7 13. Kb1 Rb8 14. Be2 Na5 15. Nxa5 Qxa5 16. Bd3 $14 {Bologan,
V-Frolov,A URS-ch (07) 1991 1-0 40}) 9. f4 (9. Qe2 Na5 10. O-O-O (10. Bg2 Bb7
11. Nxa5 Qxa5 12. f4 Nc6 13. O-O Be7 $14 {Lanka,Z-Yermolinsky,A/ Luzern WchT/
1993/ 1/2 26}) 10... Nc4 11. f4 Qc7 12. Rd4 (12. Kb1 $5) 12... Bb7 13. Rxc4 $5
Qxc4 14. Qxc4 bxc4 15. Bxc4 Nc6 16. f5 Ne5 17. Na5 $2 (17. Be2 $8 Be7 18. Na5
Bc8 19. Na4 Bd8 20. Nb6 Bxb6 21. Bxb6 h5 $1 $15 {Salov}) 17... Nxc4 18. Nxc4
Rc8 19. Na5 Rxc3 20. bxc3 Bxe4 $17 {Shirov,A-Salov,V/Linares/1993/0:1 (40)})
9... Bb7 10. Qf3 (10. Bg2 Na5 (10... Ng6 $5) 11. Nxa5 Qxa5 12. Qd2) 10... g5 $1
$146 (10... Na5 11. O-O-O Nxb3+ (11... Nc4 $2 12. Bxc4 bxc4 13. Nc5 Rb8 14. f5
$16) 12. axb3 $2 (12. cxb3 $5 Rc8 13. Kb1 Nc6 $13) 12... Rc8 13. h4 Nc6 14. g5
(14. Kb1 Nb4 $1) 14... Qa5 15. Kb1 Nb4 16. Bd4 (16. Qf2 Bxe4 17. Nxe4 Qa2+ 18.
Kc1 Qa1+ 19. Kd2 Rxc2+ 20. Ke1 Qxb2 $17) 16... d5 $1 $15 {Shirov,A-Kasparov,G
Novgorod (06) 1994 1/2 48 - CBM 43}) (10... b4 $2 11. Na4 Nc8 12. O-O-O $16)
11. fxg5 (11. O-O-O gxf4 12. Bxf4 Ng6 $10 (12... Ng6 {Ftacnik} 13. Nc5 Qf6))
11... Ne5 12. Qg2 (12. Qf6 Nxg4 13. Qxh8 Nxe3 14. Bd3 Ng6 15. Qxh7 (15. Qf6 Be7
16. Qf3 Bxg5 $17) 15... Qxg5 $44) (12. Qe2 {Ftacnik} b4 13. Na4 Bc6 14. Nb6
Bxe4 $132) 12... b4 13. Ne2 (13. Na4 {Ftacnik} Nd5 $5 14. Bd2 Rc8 $36) 13... h5
$3 14. gxh5 $6 (14. gxh6 Bxh6 15. Bxh6 Rxh6 16. O-O-O N7g6 $44 (16... Qb6 $132
{Ftacnik})) (14. O-O-O hxg4 15. Ng3 $13 (15. Nf4 {Ftacnik /\ Nd4})) 14... Nf5
$1 15. Bf2 (15. Bf4 Nh4 16. Qg3 Nhf3+ 17. Kd1 Bxe4 $40) (15. exf5 {Ftacnik}
Bxg2 16. Bxg2 Rxh5 $17) 15... Qxg5 $1 16. Na5 $2 (16. Ned4 Nh4 (16... Nxd4 17.
Nxd4 Rxh5 $15) 17. Qxg5 Nhf3+ 18. Kd1 Nxg5 $17) (16. Qxg5 Nf3+ 17. Kd1 Nxg5 $17
) (16. Ned4 $17 {Ftacnik}) 16... Ne3 $1 $19 17. Qg3 (17. Bxe3 Qxe3 18. Nxb7
Nf3+ 19. Kd1 Qd2#) (17. Qxg5 Nf3#) 17... Qxg3 18. Nxg3 Nxc2+ 19. Kd1 (19. Kd2
Nxa1 20. Nxb7 Bh6+ $19) 19... Nxa1 20. Nxb7 b3 21. axb3 (21. a3 {Ftacnik} Bh6
22. Nxd6+ Kd7 $19) 21... Nxb3 22. Kc2 Nc5 23. Nxc5 dxc5 24. Be1 Nf3 25. Bc3
Nd4+ 26. Kd3 Bd6 27. Bg2 (27. b4 {Ftacnik} Ke7 28. bxc5 Bxc5 29. Bxd4 Rhd8 30.
Ne2 Bxd4 31. Nxd4 e5) 27... Be5 28. Kc4 Ke7 29. Ra1 Nc6 (29... Nc6 {Ftacnik}
30. Kxc5 Bxc3 31. bxc3 Rhc8 32. Kc4 Ne5+ 33. Kd4 f6 34. Bf1 a5 $19) 0-1